Material de apoyo a la formación de voluntarias y voluntarios: Centro Voluntades, Región de Coquimbo

Saved in:
Bibliografiske detaljer
Hovedforfatter: Nájera Martínez, Eusebio Manuel (autor)
Format: Bog
Sprog:spansk
Udgivet: Coquimbo Ministerio Secretaria General de Gobierno 2002
Fag:
Tags: Tilføj Tag
Ingen Tags, Vær først til at tagge denne postø!

MARC

LEADER 00000nam a2200000 a 4500
001 UCI8171
003 CL-VaPUC
008 080807e20020000CL |||||||||||||||||spa|d
082 0 4 |a 302.14  |b NAJ  |2 21 
100 |a Nájera Martínez, Eusebio Manuel  |e autor  |9 531650 
245 1 0 |a Material de apoyo a la formación de voluntarias y voluntarios: Centro Voluntades, Región de Coquimbo 
300 |a 50 p 
942 |c BK 
945 |d 20080807 00:00:00  |a jtorresc 
260 |a Coquimbo  |b Ministerio Secretaria General de Gobierno  |c 2002 
650 0 |a Participación social  |9 256140 
650 0 |a Voluntariado  |9 439109 
650 0 |a Trabajo comunitario  |9 337627 
650 0 |a Participación ciudadana  |9 330304 
650 0 |a Integración social  |9 319662 
583 |a last modification  |c 20080807 00:00:00  |k Rodrigo Vera 
999 |c 331193  |d 331191 
952 |0 0  |1 0  |4 0  |6 302_140000000000000_NAJ_2002  |7 0  |8 A  |9 417417  |a BIBEDU  |b BIBEDU  |d 2019-11-22  |i 4469984  |o 302.14 NAJ 2002  |p 4469984  |r 2019-11-22  |w 2019-11-22  |y BK  |k EPE